[Event "23rd ETCC Women 2021"]
[Site "Catez"]
[Date "2021.11.14"]
[Round "2.56"]
[White "Mayrhuber, Nikola"]
[Black "Markantonaki, Haritomeni"]
[Result "1/2-1/2"]
[WhiteElo "2091"]
[BlackElo "2174"]
[Annotator "ChessBase"]
[PlyCount "159"]
[EventDate "2021.11.08"]
[EventType "team-tourn"]
[EventCountry "SLO"]
[SourceTitle "playchess.com"]
[Source "ChessBase"]
[SourceQuality "1"]
[WhiteTeam "Austria"]
[BlackTeam "Greece"]
[WhiteTeamCountry "AUT"]
[BlackTeamCountry "GRE"]
[TimeControl "40/5400+30:1800+30"]

1. d4 {[%emt 0:00:04]} Nf6 {[%emt 0:00:09]} 2. c4 {[%emt 0:00:08]} e6 {[%emt 0:
00:14]} 3. Nc3 {[%emt 0:00:07]} Bb4 {[%emt 0:00:20]} 4. Bd2 {[%emt 0:00:14]}
O-O {[%emt 0:00:49]} 5. Nf3 {[%emt 0:00:22]} b6 {[%emt 0:01:20]} 6. e3 {
[%emt 0:00:30]} Bb7 {[%emt 0:00:28]} 7. Bd3 {[%emt 0:01:12]} d5 {[%emt 0:00:47]
} 8. O-O {[%emt 0:06:58]} Bd6 {[%emt 0:06:46]} 9. cxd5 {[%emt 0:11:48]} exd5 {
[%emt 0:00:09]} 10. Rc1 {[%emt 0:01:34]} a6 {[%emt 0:00:54]} 11. Ne5 {[%emt 0:
03:47]} c5 {[%emt 0:03:40]} 12. f4 {[%emt 0:02:28]} Nc6 {[%emt 0:03:38]} 13.
Be1 {[%emt 0:16:32]} cxd4 {[%emt 0:09:59]} 14. Nxc6 {[%emt 0:01:56]} Bxc6 {
[%emt 0:00:14]} 15. Ne2 {[%emt 0:01:13]} Bb7 {[%emt 0:03:23]} 16. Nxd4 {
[%emt 0:02:19]} Re8 {[%emt 0:03:46]} 17. Qf3 {[%emt 0:07:51]} Rc8 {[%emt 0:09:
06]} 18. Bh4 {[%emt 0:04:22]} Rxc1 {[%emt 0:08:06]} 19. Rxc1 {[%emt 0:00:07]}
Bc5 {[%emt 0:00:17]} 20. Qh3 {[%emt 0:09:52]} Bc8 {[%emt 0:15:20]} 21. Bxf6 {
[%emt 0:03:50]} Qxf6 {[%emt 0:02:22]} 22. Qxh7+ {[%emt 0:09:22]} Kf8 {[%emt 0:
00:04]} 23. Kh1 {[%emt 0:04:40]} g6 {[%emt 0:04:44]} 24. Qh6+ {[%emt 0:03:55]}
Ke7 {[%emt 0:03:20]} 25. Qg5 {[%emt 0:02:29]} Qxg5 {[%emt 0:01:41]} 26. fxg5 {
[%emt 0:00:01]} Kd6 {[%emt 0:00:41]} 27. b4 {[%emt 0:03:50]} Bxb4 {[%emt 0:04:
57]} 28. Rc6+ {[%emt 0:00:08]} Kd7 {[%emt 0:00:50]} 29. Be2 {[%emt 0:00:46]}
Re4 {[%emt 0:02:52]} 30. Rxb6 {[%emt 0:02:05]} Bc5 {[%emt 0:02:13]} 31. Rb2 {
[%emt 0:00:03]} Bxd4 {[%emt 0:02:27]} 32. exd4 {[%emt 0:00:07]} Rxd4 {[%emt 0:
01:49]} 33. h3 {[%emt 0:00:26]} Kc7 {[%emt 0:01:35]} 34. Rc2+ {[%emt 0:00:23]}
Kd8 {[%emt 0:01:44]} 35. Rc6 {[%emt 0:00:59]} a5 {[%emt 0:00:30]} 36. Bf3 {
[%emt 0:00:51]} Be6 {[%emt 0:00:21]} 37. Rc5 {[%emt 0:00:42]} a4 {[%emt 0:00:
38]} 38. Ra5 {[%emt 0:00:16]} Kc7 {[%emt 0:00:54]} 39. Kh2 {[%emt 0:00:46]} Kb6
{[%emt 0:00:29]} 40. Ra8 {[%emt 0:00:10]} Kb5 {[%emt 0:00:33]} 41. a3 {[%emt 0:
09:18]} Rd2 {[%emt 0:03:35]} 42. Rb8+ {[%emt 0:01:45]} Kc5 {[%emt 0:01:40]} 43.
Ra8 {[%emt 0:04:06]} Kb5 {[%emt 0:02:55]} 44. Rb8+ {[%emt 0:00:29]} Kc4 {
[%emt 0:01:29]} 45. Rb4+ {[%emt 0:02:01]} Kc3 {[%emt 0:00:04]} 46. Rxa4 {
[%emt 0:01:26]} d4 {[%emt 0:00:38]} 47. Kg3 {[%emt 0:03:11]} Ra2 {[%emt 0:05:
54]} 48. Kf4 {[%emt 0:02:17]} d3 {[%emt 0:01:35]} 49. Ke3 {[%emt 0:02:22]} Ra1
{[%emt 0:03:36]} 50. Ra6 {[%emt 0:05:35]} Re1+ {[%emt 0:01:57]} 51. Kf2 {
[%emt 0:02:04]} d2 {[%emt 0:05:15]} 52. Rd6 {[%emt 0:01:37]} Bc4 {[%emt 0:01:
06]} 53. a4 {[%emt 0:00:32]} Bd3 {[%emt 0:06:07]} 54. Rc6+ {[%emt 0:00:41]} Kb4
{[%emt 0:00:31]} 55. Rd6 {[%emt 0:00:39]} d1=Q {[%emt 0:00:52]} 56. Bxd1 {
[%emt 0:00:08]} Rxd1 {[%emt 0:00:04]} 57. Rd4+ {[%emt 0:00:26]} Kc3 {[%emt 0:
01:18]} 58. Rf4 {[%emt 0:00:20]} Bc4 {[%emt 0:00:52]} 59. g4 {[%emt 0:00:59]}
Rd5 {[%emt 0:02:11]} 60. h4 {[%emt 0:00:21]} Ra5 {[%emt 0:00:48]} 61. Kg3 {
[%emt 0:00:42]} Kd3 {[%emt 0:00:42]} 62. Rf3+ {[%emt 0:00:23]} Ke2 {[%emt 0:00:
39]} 63. Ra3 {[%emt 0:00:35]} Be6 {[%emt 0:00:43]} 64. Kf4 {[%emt 0:00:19]} Rc5
{[%emt 0:00:20]} 65. Re3+ {[%emt 0:00:32]} Kf2 {[%emt 0:00:38]} 66. Rxe6 {
[%emt 0:00:54]} fxe6 {[%emt 0:00:04]} 67. h5 {[%emt 0:00:06]} Rc4+ {[%emt 0:00:
53]} 68. Ke5 {[%emt 0:00:26]} Rxg4 {[%emt 0:00:26]} 69. hxg6 {[%emt 0:00:37]}
Rxg5+ {[%emt 0:00:37]} 70. Kf6 {[%emt 0:00:03]} Rg1 {[%emt 0:01:53]} 71. a5 {
[%emt 0:00:10]} e5 {[%emt 0:00:20]} 72. a6 {[%emt 0:00:14]} Ra1 {[%emt 0:01:12]
} 73. Kxe5 {[%emt 0:01:29]} Rxa6 {[%emt 0:00:07]} 74. Kf5 {[%emt 0:00:12]} Kg3
{[%emt 0:00:46]} 75. g7 {[%emt 0:00:20]} Ra8 {[%emt 0:00:24]} 76. Kg5 {[%emt 0:
00:38]} Rb8 {[%emt 0:00:17]} 77. Kg6 {[%emt 0:00:32]} Kg4 {[%emt 0:00:18]} 78.
Kf7 {[%emt 0:00:42]} Rb7+ {[%emt 0:00:34]} 79. Kg6 {[%emt 0:00:23]} Rb6+ {
[%emt 0:00:14]} 80. Kf7 {[%emt 0:00:12]} 1/2-1/2

[Event "23rd ETCC Women 2021"]
[Site "Catez"]
[Date "2021.11.14"]
[Round "2.57"]
[White "Hrescak, Ivana"]
[Black "Shvayger, Yuliya"]
[Result "1-0"]
[WhiteElo "2138"]
[BlackElo "2351"]
[Annotator "ChessBase"]
[PlyCount "75"]
[EventDate "2021.11.08"]
[EventType "team-tourn"]
[EventCountry "SLO"]
[SourceTitle "playchess.com"]
[Source "ChessBase"]
[SourceQuality "1"]
[WhiteTeam "Slovenia"]
[BlackTeam "Israel"]
[WhiteTeamCountry "SLO"]
[BlackTeamCountry "ISR"]
[TimeControl "40/5400+30:1800+30"]

1. d4 {[%emt 0:00:03]} Nf6 {[%emt 0:00:09]} 2. c4 {[%emt 0:00:12]} e6 {[%emt 0:
00:03]} 3. Nc3 {[%emt 0:00:04]} Bb4 {[%emt 0:00:11]} 4. e3 {[%emt 0:00:05]} O-O
{[%emt 0:00:28]} 5. Nge2 {[%emt 0:00:33]} Re8 {[%emt 0:00:28]} 6. a3 {[%emt 0:
00:08]} Bf8 {[%emt 0:00:06]} 7. d5 {[%emt 0:00:09]} a5 {[%emt 0:00:38]} 8. g3 {
[%emt 0:01:22]} Na6 {[%emt 0:02:01]} 9. Bg2 {[%emt 0:00:09]} Nc5 {[%emt 0:00:
59]} 10. b3 {[%emt 0:00:33]} d6 {[%emt 0:10:59]} 11. O-O {[%emt 0:01:34]} Bd7 {
[%emt 0:02:22]} 12. Qc2 {[%emt 0:05:36]} exd5 {[%emt 0:09:59]} 13. cxd5 {
[%emt 0:01:17]} b5 {[%emt 0:03:21]} 14. Nd4 {[%emt 0:06:13]} b4 {[%emt 0:09:59]
} 15. Nce2 {[%emt 0:04:16]} Qb8 {[%emt 0:10:16]} 16. a4 {[%emt 0:10:56]} Qb7 {
[%emt 0:05:46]} 17. Nf4 {[%emt 0:02:19]} g6 {[%emt 0:02:10]} 18. Bb2 {[%emt 0:
07:54]} Bg7 {[%emt 0:00:02]} 19. Rfe1 {[%emt 0:03:59]} Nfe4 {[%emt 0:04:59]}
20. h4 {[%emt 0:07:35]} f5 {[%emt 0:04:32]} 21. Bf1 {[%emt 0:04:43]} Be5 {
[%emt 0:06:11]} 22. Bc4 {[%emt 0:02:31]} Kf8 {[%emt 0:02:01]} 23. h5 {[%emt 0:
14:34]} Kf7 {[%emt 0:00:49]} 24. Nde6 {[%emt 0:07:54]} Bxf4 {[%emt 0:06:28]}
25. Nxc5 {[%emt 0:05:27]} Nxc5 {[%emt 0:00:03]} 26. exf4 {[%emt 0:00:06]} Ne4 {
[%emt 0:06:20]} 27. Kg2 {[%emt 0:00:26]} Rg8 {[%emt 0:05:03]} 28. hxg6+ {
[%emt 0:06:00]} Rxg6 {[%emt 0:00:02]} 29. Rh1 {[%emt 0:01:33]} h6 {[%emt 0:00:
05]} 30. Rh3 {[%emt 0:03:11]} Nf6 {[%emt 0:02:09]} 31. Qd3 {[%emt 0:00:54]} Be6
{[%emt 0:01:41]} 32. Rd1 {[%emt 0:01:00]} Rh8 {[%emt 0:02:28]} 33. Qf3 {
[%emt 0:00:44]} Bd7 {[%emt 0:00:03]} 34. Re1 {[%emt 0:00:25]} Rh7 {[%emt 0:01:
47]} 35. Re6 {[%emt 0:01:21]} Ng4 {[%emt 0:00:14]} 36. Rh5 {[%emt 0:00:30]} Rf6
{[%emt 0:02:04]} 37. Bxf6 {[%emt 0:00:31]} Nxf6 {[%emt 0:00:02]} 38. Rxf5 {
[%emt 0:00:11]} 1-0

[Event "23rd ETCC Women 2021"]
[Site "Catez"]
[Date "2021.11.14"]
[Round "2.58"]
[White "Klinova, Masha"]
[Black "Kolaric, Spela"]
[Result "0-1"]
[WhiteElo "2264"]
[BlackElo "2178"]
[Annotator "ChessBase"]
[PlyCount "130"]
[EventDate "2021.11.08"]
[EventType "team-tourn"]
[EventCountry "SLO"]
[SourceTitle "playchess.com"]
[Source "ChessBase"]
[SourceQuality "1"]
[WhiteTeam "Israel"]
[BlackTeam "Slovenia"]
[WhiteTeamCountry "ISR"]
[BlackTeamCountry "SLO"]
[TimeControl "40/5400+30:1800+30"]

1. e4 {[%emt 0:00:04]} e5 {[%emt 0:00:17]} 2. Nf3 {[%emt 0:00:06]} Nc6 {
[%emt 0:00:10]} 3. Bc4 {[%emt 0:00:11]} Nf6 {[%emt 0:00:32]} 4. d3 {[%emt 0:00:
07]} Bc5 {[%emt 0:00:11]} 5. Nc3 {[%emt 0:01:27]} d6 {[%emt 0:01:24]} 6. Na4 {
[%emt 0:01:18]} Bb6 {[%emt 0:02:42]} 7. a3 {[%emt 0:03:39]} Be6 {[%emt 0:04:47]
} 8. Nxb6 {[%emt 0:02:53]} axb6 {[%emt 0:02:46]} 9. Bxe6 {[%emt 0:00:06]} fxe6
{[%emt 0:00:06]} 10. O-O {[%emt 0:01:59]} O-O {[%emt 0:00:45]} 11. Re1 {
[%emt 0:02:50]} Qe8 {[%emt 0:04:38]} 12. Bg5 {[%emt 0:10:18]} Nh5 {[%emt 0:25:
41]} 13. c3 {[%emt 0:09:45]} Qg6 {[%emt 0:01:36]} 14. Bh4 {[%emt 0:01:26]} Rf7
{[%emt 0:03:42]} 15. Bg3 {[%emt 0:11:30]} Raf8 {[%emt 0:05:07]} 16. Rc1 {
[%emt 0:03:18]} Nf4 {[%emt 0:04:32]} 17. Re3 {[%emt 0:02:29]} Qf6 {[%emt 0:05:
41]} 18. d4 {[%emt 0:03:53]} g5 {[%emt 0:03:05]} 19. dxe5 {[%emt 0:06:39]} dxe5
{[%emt 0:04:20]} 20. h3 {[%emt 0:05:40]} h5 {[%emt 0:02:34]} 21. h4 {[%emt 0:
01:16]} gxh4 {[%emt 0:06:23]} 22. Bxh4 {[%emt 0:09:31]} Qh6 {[%emt 0:06:14]}
23. Bg5 {[%emt 0:13:26]} Qg6 {[%emt 0:01:05]} 24. Bxf4 {[%emt 0:01:52]} exf4 {
[%emt 0:00:50]} 25. Rd3 {[%emt 0:02:10]} Rg7 {[%emt 0:04:34]} 26. Qf1 {[%emt 0:
00:11]} Qxe4 {[%emt 0:00:38]} 27. Re1 {[%emt 0:00:14]} Qg6 {[%emt 0:04:32]} 28.
Red1 {[%emt 0:02:35]} Kh8 {[%emt 0:02:35]} 29. Rd7 {[%emt 0:00:18]} Rfg8 {
[%emt 0:00:12]} 30. Rxg7 {[%emt 0:00:25]} Qxg7 {[%emt 0:00:16]} 31. Ne1 {
[%emt 0:01:28]} Ne5 {[%emt 0:01:05]} 32. Rd4 {[%emt 0:00:49]} Qg5 {[%emt 0:00:
28]} 33. f3 {[%emt 0:01:13]} Ng6 {[%emt 0:00:41]} 34. Qe2 {[%emt 0:00:40]} e5 {
[%emt 0:00:27]} 35. Rd7 {[%emt 0:00:17]} Rg7 {[%emt 0:02:15]} 36. Qd3 {[%emt 0:
01:11]} Qf6 {[%emt 0:00:20]} 37. Rxg7 {[%emt 0:00:26]} Kxg7 {[%emt 0:00:14]}
38. Qe4 {[%emt 0:00:50]} c6 {[%emt 0:00:33]} 39. Nd3 {[%emt 0:00:05]} Qe6 {
[%emt 0:00:42]} 40. a4 {[%emt 0:00:30]} Kf6 {[%emt 0:00:27]} 41. Nf2 {[%emt 0:
03:00]} Qd6 {[%emt 0:12:15]} 42. Qc4 {[%emt 0:00:47]} Kg7 {[%emt 0:01:42]} 43.
Qb3 {[%emt 0:07:10]} Nh4 {[%emt 0:06:13]} 44. Qc2 {[%emt 0:07:56]} Qg6 {
[%emt 0:00:25]} 45. Qxg6+ {[%emt 0:00:16]} Kxg6 {[%emt 0:00:09]} 46. Ne4 {
[%emt 0:00:38]} Nf5 {[%emt 0:00:16]} 47. Kf2 {[%emt 0:00:45]} Kf7 {[%emt 0:00:
56]} 48. c4 {[%emt 0:00:24]} Ke7 {[%emt 0:01:11]} 49. b4 {[%emt 0:05:16]} Nd6 {
[%emt 0:04:37]} 50. Nd2 {[%emt 0:00:05]} c5 {[%emt 0:03:31]} 51. b5 {[%emt 0:
04:59]} Kf6 {[%emt 0:01:29]} 52. Ke2 {[%emt 0:00:13]} Kf5 {[%emt 0:02:05]} 53.
Kd3 {[%emt 0:00:09]} h4 {[%emt 0:00:22]} 54. Ke2 {[%emt 0:02:18]} e4 {[%emt 0:
01:01]} 55. fxe4+ {[%emt 0:00:35]} Nxe4 {[%emt 0:00:07]} 56. Nf3 {[%emt 0:00:
06]} Kg4 {[%emt 0:00:48]} 57. Ne5+ {[%emt 0:00:36]} Kg3 {[%emt 0:00:12]} 58.
Kf1 {[%emt 0:00:08]} Nd2+ {[%emt 0:00:26]} 59. Ke2 {[%emt 0:00:09]} Ne4 {
[%emt 0:01:36]} 60. Kf1 {[%emt 0:00:02]} h3 {[%emt 0:00:44]} 61. gxh3 {[%emt 0:
00:04]} Kxh3 {[%emt 0:00:10]} 62. Nd7 {[%emt 0:00:13]} Kg3 {[%emt 0:00:12]} 63.
Nxb6 {[%emt 0:01:05]} f3 {[%emt 0:00:14]} 64. Nd5 {[%emt 0:01:16]} Nd2+ {
[%emt 0:00:18]} 65. Ke1 {[%emt 0:00:21]} Nxc4 {[%emt 0:00:48]} 0-1

[Event "23rd ETCC Women 2021"]
[Site "Catez"]
[Date "2021.11.14"]
[Round "2.59"]
[White "Hercog, Nusa"]
[Black "Shapir, Maya"]
[Result "0-1"]
[WhiteElo "1983"]
[BlackElo "2256"]
[Annotator "ChessBase"]
[PlyCount "90"]
[EventDate "2021.11.08"]
[EventType "team-tourn"]
[EventCountry "SLO"]
[SourceTitle "playchess.com"]
[Source "ChessBase"]
[SourceQuality "1"]
[WhiteTeam "Slovenia"]
[BlackTeam "Israel"]
[WhiteTeamCountry "SLO"]
[BlackTeamCountry "ISR"]
[TimeControl "40/5400+30:1800+30"]

1. d4 {[%emt 0:00:04]} e6 {[%emt 0:01:03]} 2. c4 {[%emt 0:00:12]} b6 {[%emt 0:
00:15]} 3. Nc3 {[%emt 0:01:59]} Bb4 {[%emt 0:03:16]} 4. Nf3 {[%emt 0:01:06]}
Bb7 {[%emt 0:00:59]} 5. e3 {[%emt 0:00:16]} f5 {[%emt 0:03:02]} 6. Bd3 {
[%emt 0:04:40]} Nf6 {[%emt 0:00:40]} 7. O-O {[%emt 0:00:47]} O-O {[%emt 0:06:
48]} 8. a3 {[%emt 0:13:17]} Bxc3 {[%emt 0:01:36]} 9. bxc3 {[%emt 0:00:04]} Ne4
{[%emt 0:06:11]} 10. Qc2 {[%emt 0:08:48]} d6 {[%emt 0:05:46]} 11. Nd2 {[%emt 0:
09:21]} Nxd2 {[%emt 0:05:33]} 12. Bxd2 {[%emt 0:04:17]} Qg5 {[%emt 0:09:47]}
13. d5 {[%emt 0:12:23]} Nd7 {[%emt 0:06:08]} 14. f4 {[%emt 0:02:30]} Qh5 {
[%emt 0:12:30]} 15. e4 {[%emt 0:13:12]} fxe4 {[%emt 0:05:19]} 16. Bxe4 {
[%emt 0:01:53]} exd5 {[%emt 0:00:48]} 17. Bf3 {[%emt 0:01:03]} Qf7 {[%emt 0:00:
30]} 18. Rfe1 {[%emt 0:08:11]} Rae8 {[%emt 0:07:48]} 19. Be3 {[%emt 0:02:58]}
Nf6 {[%emt 0:02:34]} 20. Rad1 {[%emt 0:01:26]} d4 {[%emt 0:09:35]} 21. Bxb7 {
[%emt 0:02:43]} dxe3 {[%emt 0:00:09]} 22. Qd3 {[%emt 0:00:40]} Qh5 {[%emt 0:01:
51]} 23. Bf3 {[%emt 0:03:01]} Qc5 {[%emt 0:00:45]} 24. Re2 {[%emt 0:01:28]}
Qxa3 {[%emt 0:01:38]} 25. Rde1 {[%emt 0:03:33]} Qc5 {[%emt 0:00:10]} 26. g3 {
[%emt 0:00:59]} Re7 {[%emt 0:00:41]} 27. Kg2 {[%emt 0:02:26]} Rfe8 {[%emt 0:00:
13]} 28. Rb1 {[%emt 0:00:28]} c6 {[%emt 0:01:28]} 29. h3 {[%emt 0:00:37]} d5 {
[%emt 0:01:58]} 30. cxd5 {[%emt 0:00:12]} Nxd5 {[%emt 0:00:03]} 31. c4 {
[%emt 0:00:30]} Nf6 {[%emt 0:01:15]} 32. Ra1 {[%emt 0:00:43]} Rd7 {[%emt 0:00:
29]} 33. Qb3 {[%emt 0:00:18]} h5 {[%emt 0:03:07]} 34. Ra3 {[%emt 0:00:47]} Rde7
{[%emt 0:00:24]} 35. Ra6 {[%emt 0:00:33]} h4 {[%emt 0:00:44]} 36. gxh4 {
[%emt 0:00:31]} Kh8 {[%emt 0:00:53]} 37. Raa2 {[%emt 0:00:32]} Nh5 {[%emt 0:01:
01]} 38. Bxh5 {[%emt 0:00:19]} Qxh5 {[%emt 0:00:01]} 39. Qc3 {[%emt 0:00:41]}
Qxh4 {[%emt 0:00:33]} 40. Qd4 {[%emt 0:00:29]} Re6 {[%emt 0:01:57]} 41. Kh2 {
[%emt 0:05:09]} Re4 {[%emt 0:02:49]} 42. Qd7 {[%emt 0:00:54]} Qxf4+ {[%emt 0:
00:18]} 43. Kg2 {[%emt 0:00:13]} R8e6 {[%emt 0:02:45]} 44. Re1 {[%emt 0:02:57]}
Rg6+ {[%emt 0:00:41]} 45. Kh1 {[%emt 0:00:04]} Qf3+ {[%emt 0:00:12]} 0-1

[Event "23rd ETCC Women 2021"]
[Site "Catez"]
[Date "2021.11.14"]
[Round "2.60"]
[White "Katkov, Michelle"]
[Black "Mihelic, Vesna"]
[Result "1-0"]
[WhiteElo "2059"]
[BlackElo "1912"]
[Annotator "ChessBase"]
[PlyCount "75"]
[EventDate "2021.11.08"]
[EventType "team-tourn"]
[EventCountry "SLO"]
[SourceTitle "playchess.com"]
[Source "ChessBase"]
[SourceQuality "1"]
[WhiteTeam "Israel"]
[BlackTeam "Slovenia"]
[WhiteTeamCountry "ISR"]
[BlackTeamCountry "SLO"]
[TimeControl "40/5400+30:1800+30"]

1. e4 {[%emt 0:00:03]} e5 {[%emt 0:00:06]} 2. Nf3 {[%emt 0:00:04]} Nc6 {
[%emt 0:00:07]} 3. Bc4 {[%emt 0:00:04]} Bc5 {[%emt 0:00:08]} 4. c3 {[%emt 0:00:
05]} Nf6 {[%emt 0:00:05]} 5. d3 {[%emt 0:00:05]} a6 {[%emt 0:00:21]} 6. Bb3 {
[%emt 0:00:44]} Ba7 {[%emt 0:00:23]} 7. Nbd2 {[%emt 0:01:04]} d6 {[%emt 0:01:
35]} 8. h3 {[%emt 0:00:46]} Ne7 {[%emt 0:05:53]} 9. Nf1 {[%emt 0:00:48]} Ng6 {
[%emt 0:00:49]} 10. Ng3 {[%emt 0:00:30]} O-O {[%emt 0:00:56]} 11. O-O {[%emt 0:
00:09]} c6 {[%emt 0:02:52]} 12. d4 {[%emt 0:03:24]} h6 {[%emt 0:03:19]} 13. Be3
{[%emt 0:01:26]} Qc7 {[%emt 0:14:48]} 14. Nh2 {[%emt 0:06:18]} Nf4 {[%emt 0:06:
14]} 15. Qf3 {[%emt 0:02:24]} g5 {[%emt 0:03:54]} 16. Ng4 {[%emt 0:04:37]} Nxg4
{[%emt 0:05:00]} 17. hxg4 {[%emt 0:01:51]} Qe7 {[%emt 0:05:26]} 18. Nf5 {
[%emt 0:04:16]} Qf6 {[%emt 0:11:22]} 19. g3 {[%emt 0:09:35]} Bxf5 {[%emt 0:07:
13]} 20. gxf5 {[%emt 0:03:00]} Ng6 {[%emt 0:01:41]} 21. Kg2 {[%emt 0:08:16]}
Ne7 {[%emt 0:00:59]} 22. Rh1 {[%emt 0:03:07]} exd4 {[%emt 0:03:50]} 23. cxd4 {
[%emt 0:00:59]} Kg7 {[%emt 0:01:00]} 24. Qh5 {[%emt 0:04:43]} Rh8 {[%emt 0:06:
53]} 25. g4 {[%emt 0:01:20]} c5 {[%emt 0:02:17]} 26. e5 {[%emt 0:05:27]} dxe5 {
[%emt 0:00:07]} 27. dxe5 {[%emt 0:00:07]} Qc6+ {[%emt 0:00:07]} 28. Kg1 {
[%emt 0:01:28]} c4 {[%emt 0:04:51]} 29. Bxa7 {[%emt 0:04:07]} Rxa7 {[%emt 0:07:
28]} 30. Rc1 {[%emt 0:01:33]} cxb3 {[%emt 0:03:39]} 31. Rxc6 {[%emt 0:00:40]}
Nxc6 {[%emt 0:00:03]} 32. f6+ {[%emt 0:01:04]} Kg8 {[%emt 0:00:25]} 33. e6 {
[%emt 0:00:17]} Ne5 {[%emt 0:00:59]} 34. axb3 {[%emt 0:03:31]} Ra8 {[%emt 0:01:
00]} 35. exf7+ {[%emt 0:01:24]} Nxf7 {[%emt 0:00:52]} 36. Qg6+ {[%emt 0:00:31]}
Kf8 {[%emt 0:00:06]} 37. Qg7+ {[%emt 0:00:04]} Ke8 {[%emt 0:00:07]} 38. Kg2 {
[%emt 0:00:14]} 1-0

[Event "23rd ETCC Women 2021"]
[Site "Catez"]
[Date "2021.11.14"]
[Round "3.1"]
[White "Goryachkina, Aleksandra"]
[Black "Paehtz, Elisabeth"]
[Result "1-0"]
[WhiteElo "2604"]
[BlackElo "2485"]
[Annotator "RC"]
[PlyCount "73"]
[EventDate "2021.11.08"]
[EventType "team-tourn"]
[EventCountry "SLO"]
[SourceTitle "playchess.com"]
[Source "ChessBase"]
[SourceQuality "1"]
[WhiteTeam "Russia"]
[BlackTeam "Germany"]
[WhiteTeamCountry "RUS"]
[BlackTeamCountry "GER"]
[TimeControl "40/5400+30:1800+30"]

1. d4 {[%emt 0:00:08]} Nf6 {[%emt 0:00:04]} 2. c4 {[%emt 0:00:10]} e6 {[%emt 0:
00:03]} 3. Nf3 {[%emt 0:00:31]} Bb4+ {[%emt 0:00:04]} 4. Bd2 {[%emt 0:00:39]}
a5 {[%emt 0:00:05]} 5. g3 {[%emt 0:01:01]} d5 {[%emt 0:00:04]} 6. Bg2 {[%emt 0:
00:37]} dxc4 {[%emt 0:00:05]} 7. a3 {[%emt 0:01:18]} Be7 {[%emt 0:02:27]} 8.
Qa4+ {[%emt 0:02:19]} Bd7 {[%emt 0:21:13]} 9. Qxc4 {[%emt 0:00:10]} Bc6 {
[%emt 0:00:12]} 10. Nc3 {[%emt 0:06:53]} O-O {[%emt 0:00:26]} 11. Qd3 {[%emt 0:
05:13]} b6 {[%emt 0:04:34]} 12. O-O {[%emt 0:00:50]} Bb7 {[%emt 0:01:16]} 13.
Ne5 {[%emt 0:05:27]} Bxg2 {[%emt 0:00:13]} 14. Kxg2 {[%emt 0:00:03]} Nfd7 {
[%emt 0:21:31]} 15. Qf3 {[%emt 0:06:20]} Ra6 {[%emt 0:00:09]} 16. Rfd1 {
[%emt 0:01:49]} Qe8 {[%emt 0:08:53]} 17. Bf4 {[%emt 0:06:23]} Bd6 {[%emt 0:17:
47]} 18. Nxd7 {[%emt 0:02:43]} Qxd7 {[%emt 0:00:10]} 19. Rac1 {[%emt 0:01:10]}
a4 {[%emt 0:01:30]} 20. e4 {[%emt 0:07:01]} Bxf4 {[%emt 0:01:41]} 21. Qxf4 {
[%emt 0:00:32]} Ra5 {[%emt 0:01:14]} 22. d5 {[%emt 0:04:01]} Na6 {[%emt 0:00:
26]} 23. dxe6 {[%emt 0:04:00]} Qxe6 {[%emt 0:00:04]} 24. Rd5 {[%emt 0:03:03]}
Rc5 {[%emt 0:03:34]} 25. Rxc5 {[%emt 0:13:16]} Nxc5 {[%emt 0:00:04]} 26. Qxc7 {
[%emt 0:00:15]} Rc8 {[%emt 0:03:06]} 27. Rd1 {[%emt 0:01:46]} f6 {[%emt 0:04:
41]} 28. Rd8+ {[%emt 0:01:40]} Rxd8 {[%emt 0:00:04]} 29. Qxd8+ {[%emt 0:00:04]}
Kf7 {[%emt 0:00:02]} 30. Qd5 {[%emt 0:05:45]} Ke7 {[%emt 0:04:04]} 31. Qd4 {
[%emt 0:02:15]} h5 {[%emt 0:01:24]} 32. Nxa4 {[%emt 0:03:47]} Nxe4 {[%emt 0:01:
03]} 33. Nxb6 {[%emt 0:00:57]} h4 {[%emt 0:01:02]} 34. Nd5+ {[%emt 0:01:46]}
Kf8 {[%emt 0:00:06]} 35. Nf4 {[%emt 0:01:34]} h3+ {[%emt 0:00:04]} 36. Nxh3 {
[%emt 0:01:13]} Qc6 {[%emt 0:02:49]} 37. f3 {[%emt 0:00:32]} 1-0